Statistics for Soccer Teams The Cristiano Ronaldo Has Played For

Click here to take the quiz!

General Stats

  • This quiz has been taken 89 times
  • The average score is 8 of 12

Answer Stats

YearsTeam% Correct
2003-2009Manchester United
100%
2021-Manchester United
100%
2009-2018Real Madrid
100%
2018-2021Juventus
98%
2002-2003Sporting CP
90%
2002-2003Sporting CP B
88%
2004-Portugal
86%
2003Portugal U21
32%
2001-2002Portugal U17
31%
2001Portugal U15
30%
2002-2003Portugal U20
30%
2004Portugal U23
26%

Score Distribution

Percentile by Number Answered

Percent of People with Each Score

Your Score History

You have not taken this quiz